Statistiques concernant Meilleur passeur sur une saison en championnat

Cliquez ici pour prendre le quiz!

Statistiques générales

  • Ce quiz a été pris 119 fois
  • Le résultat moyen est 15 sur 20

Statistiques - réponses

PasseSaisonPaysRéponse% Correct
2119/20ArgentineLionel Messi
99%
1814/15ArgentineLionel Messi
99%
1810/11ArgentineLionel Messi
99%
2014/15BelgiqueKevin De Bruyne
98%
2019/20BelgiqueKevin De Bruyne
98%
1816/17BelgiqueKevin De Bruyne
98%
2119/20AllemagneThomas Müller
94%
1820/21AllemagneThomas Müller
94%
1821/22AllemagneThomas Müller
94%
2008/09EspagneXavi
92%
1815/16ArgentineAngel Di Maria
85%
2002/03FranceThierry Henry
84%
1910/11AllemagneMesut Ozil
62%
1911/12AllemagneMesut Ozil
62%
1915/16AllemagneMesut Ozil
62%
1916/17SuedeEmil Forsberg
50%
1804/05AngleterreFrank Lampard
47%
1814/15EspagneCesc Fabregas
38%
1707/08EspagneCesc Fabregas
38%
1802/03FranceJerome Rothen
7%

Distribution des résultats

Percentile par nombre de réponses

% des personnes avec chaque résultat

Votre développement - résultats

Vous n’avez pas pris ce quiz